000 00753nam a2200241Ia 4500
003 OSt
005 20220923223203.0
006 a|||||r|||| 00| 0
007 ta
008 220922b |||||||| |||| 00| 0 hin d
024 _a211,707
037 _cTextual
040 _aARTS
_cARTS
_bhin
041 _2hin
_ahin
082 _aO152,3N404,1, L3
100 _aनारंग, सुदर्शन
_9156279
245 0 _aउस पार का अंधेरा
246 _aUs pār kā aandherā
260 _aदिल्ली
_b राधाकृष्ण प्रका0
_c1973
300 _a113पृ.
_ccm.
942 _hO152,3N404,1, L3
_cTEXL
_2CC
999 _c361982
_d361982